Journal of Cleaner Production

Na minha lista:
Detalhes bibliográficos
Formato: Periódico
Idioma:inglês
Publicado em: Amsterdam Elsevier Science B.V.
Tags: Adicionar Tag
Sem tags, seja o primeiro a adicionar uma tag!

MARC

LEADER 00000nas1a2200000 4500
001 0257465
005 20250701092101.4
022 |a 1879-1786 
022 |a 0959-6526 
041 0 |a eng 
044 |a NL 
245 1 0 |a Journal of Cleaner Production 
264 1 |a Amsterdam  |b Elsevier Science B.V.